| 000 | 01881nab a2200301 a 4500 | ||
|---|---|---|---|
| 005 | 20210219162148.0 | ||
| 008 | 991125s1985 mx 000 0 spa u | ||
| 035 | _aUPN01000198836 | ||
| 049 | _aART-E | ||
| 100 | 1 | _aSelva Olid, Clara | |
| 100 | 1 | _uclara.selva@uab.cat | |
| 100 | 1 | _aTresserra Tuesta, Oscar | |
| 222 | _aATHENEA DIGITAL: REVISTA DE PENSAMIENTO E INVESTIGACION SOCIAL | ||
| 245 | _aFlexibilidad Global, sinécdoque de progreso | ||
| 260 | _aEspaña | ||
| 300 | _a197-202 | ||
| 362 | 0 | _a2014 Vol. 14, no. 2 | |
| 520 | 3 | _aEl objetivo de este artículo es recorrer la flexibilidad, sus usos, tipologías y nuevas concepciones para pasar a abordar y empoderar la flexibilidad global como una herramienta integral para facilitar el cambio, adaptarse al medio de un modo ventajoso e innovar. En épocas de cambio económico, social, tecnológico y global, como las actuales, se reclama a colaboradoras y organizaciones cada vez mayor polivalencia y versatilidad, en aras de avanzar hacia nuevos modelos organizativos y de dedicación. En este contexto y ante la necesidad de contar con un constructo que de forma amplia e inherente atienda e hilvane de forma transversal a los diferentes actores de la organización, sus estructuras y formas y la mediación entre ellas, emerge la flexibilidad global. A pesar del reto que supone proponer y permeabilizar un nuevo constructo, no es menor lo que éste facilita, ya que se presenta como una herramienta natural para empoderar el bienestar dentro de la vida organizativa y social. | |
| 653 | 0 | _aADAPTACION SOCIAL | |
| 653 | 0 | _aFLEXIBILIDAD | |
| 653 | 0 | _aVIDA SOCIAL | |
| 856 | 4 | _uhttp://atheneadigital.net/article/view/v14-n2-selva/pdf | |
| 905 | _aArticulo | ||
| 336 | _atexto$2rdacontent | ||
| 337 | _acomputadora$2rdamedia | ||
| 338 | _arecurso en linea$2rdacarrier | ||
| 999 |
_c170937 _d170937 |
||